| 000 | 00580nam a2200205Ia 4500 | ||
|---|---|---|---|
| 005 | 20260429112023.0 | ||
| 008 | 260429s9999||||xx |||||||||||||| ||und|| | ||
| 020 | _a9781032727493 | ||
| 041 | _aEnglish | ||
| 082 |
_a371.1 _bLEM |
||
| 100 | _aLemon, Narelle | ||
| 245 | 0 |
_a‘How’ of self-care for teachers : _bbuilding your wellbeing toolbox / _cNarelle Lemon |
|
| 250 | _a1st ed. | ||
| 260 |
_aNew York : _bRoutledge, _c2025. |
||
| 300 | _axv, 377 p.; pbk | ||
| 650 | _a Professional development | ||
| 650 | _a Self-care | ||
| 650 | _aTeacher wellbeing | ||
| 942 | _cTB | ||
| 999 |
_c51926 _d51926 |
||